Sor Juana Inés de la Cruz : entre el soñador y el callar /

Gorde:
Xehetasun bibliografikoak
Egile nagusia: Sabourin, Jesús, 1927-
Formatua: Ezezaguna
Hizkuntza:Spanish
Argitaratua: Cuba : Ediciones Unión, 1991.
Gaiak:
Etiketak: Etiketa erantsi
Etiketarik gabe, Izan zaitez lehena erregistro honi etiketa jartzen!

MARC

LEADER 000000000a22000000004500
001 001815
041 0 |a spa 
082 0 4 |a M861.1D   |b J91s 
100 1 |a Sabourin, Jesús,   |d 1927- 
245 1 0 |a Sor Juana Inés de la Cruz :   |b entre el soñador y el callar /   |c Jesús Sabourin. 
260 1 |a Cuba :   |b Ediciones Unión,   |c 1991. 
300 |a 33 páginas 
650 4 |a JUANA INES DE LA CRUZ, SOR, 1651-1695 
999 |c 8477  |d 8477 
942 |c BK  |h M861.1D J91s  |2 z